[Event "Pacific Southwest op"]
[Site "Irvine"]
[Date "2016.07.04"]
[Round "6"]
[White "Tovmasyan, Hamlet"]
[Black "Wang, Annie"]
[Result "0-1"]
[WhiteElo "1988"]
[BlackElo "2061"]
[PlyCount "98"]
[EventDate "2016.07.02"]
[EventType "swiss"]
[EventRounds "6"]
[EventCountry "USA"]
[SourceTitle "CBM 173 Extra"]
[Source "ChessBase"]
[SourceDate "2016.08.29"]
[SourceVersion "1"]
[SourceVersionDate "2016.08.29"]
[SourceQuality "1"]

1. d4 e6 2. c4 Nf6 3. Nc3 Bb4 4. Qc2 0-0 5. a3 Bxc3+ 6. Qxc3 b6 7. Bg5 Bb7 8. e3 d6 9. f3 Nbd7 10. Ne2 c5 11. Qc2 Qc7 12. Rc1 Rfc8 13. Nc3 cxd4 14. exd4 Ba6 15. Qb1 h6 16. Be3 Qb7 17. Qa2 d5 18. b3 Rc6 19. Bd3 Rac8 20. Ne2 Ne8 21. Bf4 Nd6 22. Bxd6 Rxd6 23. 0-0 e5 24. Qb2 dxc4 25. bxc4 exd4 26. Nxd4 Nc5 27. Be2 Na4 28. Qa1 Qd7 29. Rfd1 Rd8 30. Nb3 Qe6 31. Kf2 Rxd1 32. Rxd1 Rxd1 33. Qxd1 Bxc4 34. Nd4 Qd5 35. Bxc4 Qxc4 36. Ne2 Qc5+ 37. Kf1 Qxa3 38. Qd8+ Kh7 39. Qd7 Qb3 40. Qxa7 b5 41. Qd7 Qc4 42. Kf2 Nb2 43. Kg3 Nd3 44. Nd4 b4 45. h4 h5 46. Nc2 Qxc2 47. Qf5+ Kg8 48. Qe4 Qc7+ 49. f4 Qxf4+ 0-1

[Event "Van Nuys Dream "]
[Site "Van Nuys"]
[Date "2016.02.05"]
[Round "5"]
[White "Manukyan, Garush"]
[Black "Tovmasyan, Hamlet"]
[Result "1/2-1/2"]
[WhiteElo "2317"]
[BlackElo "1940"]
[PlyCount "54"]
[EventDate "2016.02.04"]
[EventType "tourn"]
[EventRounds "6"]
[EventCountry "USA"]
[EventCategory "2"]
[SourceTitle "CBM 170 Extra"]
[Source "ChessBase"]
[SourceDate "2016.02.25"]
[SourceVersion "1"]
[SourceVersionDate "2016.02.25"]
[SourceQuality "1"]

1. d4 Nf6 2. Nf3 e6 3. g3 b6 4. Bg2 Bb7 5. 0-0 Be7 6. c4 c5 7. dxc5 Bxc5 8. Nc3 0-0 9. Bf4 d5 10. Ne5 Nc6 11. Qa4 Nxe5 12. Bxe5 Qe7 13. Bxf6 Qxf6 14. cxd5 exd5 15. Nxd5 Qxb2 16. Ne7+ Bxe7 17. Bxb7 Rad8 18. Qxa7 Bc5 19. Bf3 Rd2 20. a4 Bd4 21. Rab1 Qa2 22. Rb5 Qc4 23. Qa6 Rc2 24. Kg2 g6 25. Rfb1 Re8 26. R1b4 Qc3 27. Rb1 Qc4 1/2-1/2

[Event "Van Nuys Dream "]
[Site "Van Nuys"]
[Date "2016.02.04"]
[Round "2"]
[White "Tovmasyan, Hamlet"]
[Black "Manukyan, Garush"]
[Result "0-1"]
[WhiteElo "1940"]
[BlackElo "2317"]
[PlyCount "62"]
[EventDate "2016.02.04"]
[EventType "tourn"]
[EventRounds "6"]
[EventCountry "USA"]
[EventCategory "2"]
[SourceTitle "CBM 170 Extra"]
[Source "ChessBase"]
[SourceDate "2016.02.25"]
[SourceVersion "1"]
[SourceVersionDate "2016.02.25"]
[SourceQuality "1"]

1. d4 Nf6 2. c4 e6 3. Nc3 d5 4. cxd5 exd5 5. Bg5 Be7 6. e3 0-0 7. Qc2 Nbd7 8. Bd3 c6 9. Nge2 Re8 10. 0-0 Nf8 11. a4 a5 12. f3 g6 13. e4 dxe4 14. fxe4 Ne6 15. Bxf6 Bxf6 16. d5 Nd4 17. Nxd4 Bxd4+ 18. Kh1 Qh4 19. g3 Qh5 20. Be2 Qe5 21. Bf3 Bh3 22. Rfd1 Rac8 23. Rac1 cxd5 24. exd5 Qf6 25. Be4 Rc4 26. Qe2 Rb4 27. Rf1 Bxf1 28. Rxf1 Qe7 29. d6 Qxd6 30. Qf3 f5 31. Nb5 Rxb5 0-1

[Event "Van Nuys Dream "]
[Site "Van Nuys"]
[Date "2016.02.04"]
[Round "3"]
[White "Tovmasyan, Hamlet"]
[Black "Roods, Scott A"]
[Result "1/2-1/2"]
[WhiteElo "1940"]
[BlackElo "2160"]
[PlyCount "68"]
[EventDate "2016.02.04"]
[EventType "tourn"]
[EventRounds "6"]
[EventCountry "USA"]
[EventCategory "2"]
[SourceTitle "CBM 170 Extra"]
[Source "ChessBase"]
[SourceDate "2016.02.25"]
[SourceVersion "1"]
[SourceVersionDate "2016.02.25"]
[SourceQuality "1"]

1. d4 d5 2. c4 e6 3. Nc3 Nf6 4. cxd5 exd5 5. Bg5 Be7 6. e3 c6 7. Qc2 Nbd7 8. Bd3 h6 9. Bh4 Nh5 10. Bxe7 Qxe7 11. Nge2 b6 12. 0-0 Bb7 13. e4 dxe4 14. Bxe4 Nhf6 15. Bf3 0-0 16. Ng3 Rfe8 17. Nf5 Qf8 18. Qd2 Re6 19. Qf4 Qb8 20. Qh4 Nf8 21. Qg3 Qxg3 22. hxg3 Rae8 23. Rfd1 Kh7 24. Nb5 cxb5 25. Bxb7 g6 26. Ne3 Rd6 27. Rac1 Ne6 28. Rc6 Red8 29. d5 Nc5 30. Rc7 R6d7 31. Rxd7 Nfxd7 32. Bc6 Nb8 33. Re1 Nxc6 34. dxc6 Ne6 1/2-1/2